00310nam a2200121Ia 4500008004100000100002500041245004000066260003700106300000900143650001200152942000700164999001700171190216s9999||||xx |||||||||||||| ||und|| aTakwale &puranik 0aIntroduction To Classical Mechanics bTata Mcgrawhill Publishersc1979 a425p aPhysics cBK c33659d33659